000 01343cam a22003617a 4500
003 CHAP
005 20220817042613.0
008 971013s r 00010 d
010 _a49519
011 _a50491
035 _a54641
040 _cCHAP
090 _aFolleto 1094
100 0 0 _aSalmerón, Fernando.
_9101758
245 1 3 _aLa filosofía, la ciencia y el desarrollo económico
260 _a(s.l.) :
_b(s.e.),
_c(s.a.)
300 _a47 h.
490 0 _aReunión Nacional de Ciencia y Tecnología para el Desarrollo Económico y Social de México. Documento
_v; CT-CSc-HFC-2/67
590 _aBATCH-UPD
_b10
_c20130109
_lUCH01
_h2333
590 _aBATCH-UPD
_b10
_c20130110
_lUCH01
_h0345
590 _aBATCH-UPD
_b10
_c20130110
_lUCH01
_h2039
590 _aBATCH-UPD
_b10
_c20130409
_lUCH01
_h1859
590 _aBATCH-UPD
_b10
_c20130410
_lUCH01
_h0018
590 _aBATCH-UPD
_b10
_c20130914
_lUCH01
_h1150
590 _aCONVERSION
_b10
_c20130109
_lUCH01
_h1327
650 1 4 _aDesarrollo económico.
650 1 4 _aFilosofía
_xEstudio y enseñanza.
_940894
650 1 4 _aInvestigación.
_960221
830 0 _aReunión Nacional de Ciencia y Tecnología para el Desarrollo Económico y Social de México. Documento
_v; CT-CSc-HFC-2/67
_996441
901 _aBK
942 _cFOLL
949 _aFolleto 1094
_bBC
_cFOLL
_d-120433
_eTS1
_i54641
_si
999 _c49519
_d49519